000 00546nam a22001817a 4500
003 OSt
005 20250410060859.0
008 250410b |||||||| |||| 00| 0 eng d
020 _a9780132273145
040 _cn
082 _a338.5076 B122 1954
100 _aBach, George Leland
245 _aEconomics ; an introduction to analysis and policy /
_cGeorge Leland Bach
260 _bPrentice-Hall, Englewood Cliffs, N.J., ©1954
300 _a720 pages, 23 cm
650 _aEconomics, Economics Problems, exercises, etc
942 _2ddc
_cBK-EN
_n0
999 _c7753
_d7753